| 000 | 00840nam a2200217Ii 4500 | ||
|---|---|---|---|
| 003 | JO-AjNU | ||
| 008 | 230605s9999||||xx |||||||||||||| ||und|| | ||
| 017 | _a1986/12/503 | ||
| 040 |
_aJO-AjNU _bara _erda _cJO-AjNU |
||
| 041 | _aara | ||
| 050 | 1 | 4 | _aJA71.A2288.1987 |
| 100 | 3 |
_aتاليف محفوظ ، عبد المنعم ،م.مشارك الخطيب ، نعمان أحمد, _eauthor _946629 |
|
| 245 | 0 | 0 | _aمبادئ في النظم السياسية (الدولة،الحكومة،صور الانظمة السياسية الديمقراطية المعاصرة)دراسة مقارنة |
| 250 | _aط1 | ||
| 264 | 3 | 1 | _aعمان : دار الفرقان ،1987 |
| 300 | _a346ص | ||
| 336 |
_atext _btxt _2rdacontent |
||
| 337 |
_aunmediated _bn _2rdamedia |
||
| 338 |
_avolume _bnc _2rdacarrier |
||
| 650 | 4 |
_aسياسة - علم _946630 |
|
| 999 |
_aA20300 _c23868 _d23868 |
||